| 000 | 00748cam a2200265 4500 | ||
|---|---|---|---|
| 008 | 090401t1999 xxu||||| |||| 00| 0 eng d | ||
| 020 | _a0860175103 | ||
| 035 | _a(Sirsi) u93053 | ||
| 041 | _aeng | ||
| 050 | _a333.72 | ||
| 110 |
_aConstruction Industry Research and Information Association _94810 |
||
| 245 | _aEnvironmental issues in construction : a strategic review. | ||
| 260 |
_aLondon _bCIRIA _c1999 |
||
| 300 | _a55p. ; 30cm. | ||
| 350 | _a70 | ||
| 490 |
_aCIRIA _vC 510 |
||
| 650 | _aCONSTRUCTION INDUSTRY | ||
| 650 |
_aContamination _96231 |
||
| 650 | _aRECYCLING | ||
| 650 | _aSUSTAINABLE CONSTRUCTION | ||
| 650 | _aWASTE MANAGEMENT | ||
| 690 | _aENVIRONMENTAL AND LAND CONSULTANCY | ||
| 942 | _n0 | ||
| 948 | _c29/04/1999 | ||
| 999 |
_c97802 _d97802 |
||